[Event "interzonal (w)"]
[Site "Chisinau MDA"]
[Date "1995.??.??"]
[Round "2"]
[White "Basagic, Vesna"]
[Black "Matveeva, Svetlana"]
[Result "1-0"]
[WhiteElo "2340"]
[BlackElo "2440"]
[EventDate "1995.09.??"]
[PlyCount "65"]

1.d4 e6 2.c4 b6 3.Nf3 Bb7 4.g3 Bb4+ 5.Bd2 Bxf3 6.exf3 Bxd2+ 7.Qxd2 d5 8.
Nc3 Ne7 9.cxd5 exd5 10.Bg2 O-O 11.O-O c6 12.b4 Nd7 13.a4 Nf6 14.Rfd1 Qd7 
15.Rac1 a6 16.a5 b5 17.Ne2 Ne8 18.Nf4 Nd6 19.Bh3 Qa7 20.Qc3 Nc4 21.Nd3 Nc8
22.Bxc8 Rfxc8 23.Nc5 Re8 24.Re1 Nd6 25.Rxe8+ Rxe8 26.Re1 Rc8 27.Re5 h6 28.
Qe3 Kf8 29.Qf4 Ne8 30.Qf5 Ra8 31.Nd7+ Kg8 32.Re7 Nd6 33.Qf4 1-0

[Event "interzonal (w)"]
[Site "Chisinau MDA"]
[Date "1995.??.??"]
[Round "2"]
[White "Petrenko, Svetlana"]
[Black "Danielian, Elina"]
[Result "0-1"]
[WhiteElo "2250"]
[BlackElo "2320"]
[EventDate "1995.09.??"]
[PlyCount "84"]

1.e4 c6 2.d4 d5 3.Nc3 dxe4 4.Nxe4 Nd7 5.Ng5 Ngf6 6.Bd3 e6 7.N1f3 Bd6 8.Qe2
h6 9.Ne4 Nxe4 10.Qxe4 Nf6 11.Qe2 Qc7 12.c4 c5 13.dxc5 Bxc5 14.h3 b6 15.Bd2
Bb7 16.O-O O-O 17.Rad1 Rad8 18.Bc3 Be7 19.Ne5 Bd6 20.Ng4 Nxg4 21.Qxg4 Bh2+
22.Kh1 Be5 23.Bxe5 Qxe5 24.b3 Qc5 25.Qe2 Rd4 26.b4 Qg5 27.f3 Rfd8 28.Rg1 
Kf8 29.Qc2 R8d7 30.Be2 Qe3 31.Rxd4 Rxd4 32.Rd1 Ke7 33.Rxd4 Qxd4 34.Kh2 Bc6
35.b5 Bb7 36.Qd3 Qxd3 37.Bxd3 Kd6 38.Kg3 Ke5 39.Kf2 Kd4 40.Ke2 e5 41.Kd2 
Bc8 42.a3 Be6 0-1

[Event "interzonal (w)"]
[Site "Chisinau MDA"]
[Date "1995.??.??"]
[Round "2"]
[White "Qin Kanying"]
[Black "Lematschko, Tatjana"]
[Result "1-0"]
[WhiteElo "2370"]
[BlackElo "2310"]
[EventDate "1995.09.??"]
[PlyCount "131"]

1.e4 c6 2.d4 d5 3.Nd2 dxe4 4.Nxe4 Bf5 5.Ng3 Bg6 6.Nf3 Nd7 7.h4 h6 8.h5 Bh7
9.Bd3 Bxd3 10.Qxd3 e6 11.Bf4 Qa5+ 12.Bd2 Qc7 13.O-O-O Ngf6 14.Ne4 Bd6 15.
Rh4 Nxe4 16.Qxe4 Nf6 17.Qe2 b5 18.Ne5 a6 19.Re1 Rc8 20.c4 Qe7 21.Kb1 O-O 
22.c5 Bxe5 23.dxe5 Nh7 24.Rd4 Qxc5 25.Rg4 f5 26.Rg6 Qe7 27.Bxh6 Rf7 28.Bc1
Nf8 29.Rg3 Nh7 30.f4 Rd8 31.Rh1 Qb4 32.h6 Qe4+ 33.Qxe4 fxe4 34.Re1 Rd4 35.
b3 c5 36.Kc2 c4 37.Rxg7+ Rxg7 38.hxg7 b4 39.Be3 Rd3 40.bxc4 Rc3+ 41.Kb2 
Rxc4 42.Kb3 Rc3+ 43.Kxb4 Rc2 44.a4 Kxg7 45.Bc5 Rb2+ 46.Ka5 Rc2 47.Bb6 Rc4 
48.g4 Nf6 49.f5 Nd7 50.fxe6 Nxe5 51.Kxa6 Rxa4+ 52.Kb5 Nd3 53.Rf1 Ra8 54.
Bd4+ Kg6 55.Kc6 Nb4+ 56.Kd7 Nc2 57.Bc3 Ra7+ 58.Kd6 Na3 59.Rf5 Nc4+ 60.Kc6 
Re7 61.Kd5 Nb6+ 62.Ke5 e3 63.Rf3 e2 64.Re3 Rc7 65.Bb4 Rc2 66.e7 1-0

[Event "interzonal (w)"]
[Site "Chisinau MDA"]
[Date "1995.??.??"]
[Round "2"]
[White "Ratcu, Tatiana"]
[Black "Kachiani-Gersinska, Ketino"]
[Result "0-1"]
[WhiteElo "2080"]
[BlackElo "2360"]
[EventDate "1995.09.??"]
[PlyCount "75"]

1.e4 g6 2.d4 Bg7 3.Nc3 c6 4.Bc4 d6 5.Qf3 e6 6.Nge2 Nd7 7.O-O Ngf6 8.a4 O-O
9.Qg3 e5 10.Bg5 h6 11.Be3 Kh7 12.f4 Nh5 13.Qf3 exf4 14.Nxf4 Nxf4 15.Qxf4 
Nf6 16.h3 d5 17.exd5 cxd5 18.Bd3 Be6 19.Rae1 Qb6 20.Qh4 Ng8 21.b3 f5 22.
Nd1 a6 23.a5 Qc6 24.Bd2 Rae8 25.Nc3 Nf6 26.Ne2 Bc8 27.Bb4 Rf7 28.Bc5 Ne4 
29.Bxe4 dxe4 30.c4 g5 31.Qh5 Kg8 32.b4 f4 33.Nc3 Bf5 34.Nd5 Bg6 35.Qd1 e3 
36.Nb6 Kh7 37.d5 Qf6 38.Qf3 0-1

[Event "interzonal (w)"]
[Site "Chisinau MDA"]
[Date "1995.??.??"]
[Round "2"]
[White "Skripchenko, Almira"]
[Black "Shumiakina, Tatiana"]
[Result "1-0"]
[WhiteElo "2400"]
[BlackElo "2345"]
[EventDate "1995.09.??"]
[PlyCount "79"]

1.e4 c5 2.Nf3 Nc6 3.d4 cxd4 4.Nxd4 e5 5.Nb5 d6 6.c4 Be7 7.N1c3 a6 8.Na3 
Be6 9.Be2 Bg5 10.O-O Bxc1 11.Rxc1 Nd4 12.Nc2 Nxe2+ 13.Qxe2 Ne7 14.b3 O-O 
15.Rfd1 Qb8 16.Rd2 Rc8 17.Nb4 b5 18.cxb5 axb5 19.Rdc2 Rc5 20.Ncd5 Bxd5 21.
Rxc5 dxc5 22.Nxd5 Nxd5 23.exd5 Qb6 24.Qxe5 f6 25.Qe7 c4 26.bxc4 bxc4 27.d6
Rd8 28.d7 h6 29.Re1 Kh7 30.Qe4+ Kh8 31.Qg6 Rg8 32.Re8 Qd4 33.Rxg8+ Kxg8 
34.Qe8+ Kh7 35.g3 Qd1+ 36.Kg2 Qd5+ 37.f3 Qd2+ 38.Kh3 f5 39.d8=Q Qf2 40.
Qg8+ 1-0

[Event "interzonal (w)"]
[Site "Chisinau MDA"]
[Date "1995.??.??"]
[Round "2"]
[White "Bobrowska, Monika"]
[Black "Berezina, Irina"]
[Result "1-0"]
[WhiteElo "2310"]
[BlackElo "2195"]
[EventDate "1995.09.??"]
[PlyCount "69"]

1.d4 Nf6 2.Nf3 g6 3.c4 Bg7 4.Nc3 d6 5.e4 O-O 6.Be2 Bg4 7.O-O Nfd7 8.Be3 
Nc6 9.d5 Bxf3 10.gxf3 Na5 11.Rc1 c5 12.Kh1 b6 13.Qd2 Nb7 14.Bh6 e5 15.Rg1 
Qe7 16.Rg3 a6 17.Rcg1 Rfb8 18.Bxg7 Kxg7 19.f4 exf4 20.Qxf4 Qe5 21.Qc1 Nd8 
22.f4 Qe7 23.Rh3 Nf8 24.f5 Kg8 25.Qh6 Ra7 26.Rf1 f6 27.fxg6 Nxg6 28.Rg3 
Qg7 29.Qe3 Nf7 30.h4 Nfe5 31.h5 Kf7 32.hxg6+ hxg6 33.Kg2 Rh8 34.Rh3 Raa8 
35.Rfh1 1-0

[Event "interzonal (w)"]
[Site "Chisinau MDA"]
[Date "1995.??.??"]
[Round "2"]
[White "Stefanova, Antoaneta"]
[Black "Lomineishvili, Maia"]
[Result "1/2-1/2"]
[WhiteElo "2415"]
[BlackElo "2295"]
[EventDate "1995.09.??"]
[PlyCount "62"]

1.d4 Nf6 2.Nf3 d5 3.Bf4 e6 4.e3 c5 5.c3 Be7 6.Nbd2 Nbd7 7.Bd3 b6 8.Ne5 Bb7
9.Qf3 Rc8 10.O-O a6 11.a4 Nxe5 12.dxe5 Nd7 13.Qe2 c4 14.Bc2 b5 15.axb5 
axb5 16.Bg3 Qb6 17.f4 Nc5 18.f5 exf5 19.Bxf5 Rd8 20.Kh1 O-O 21.Nf3 Ne4 22.
Bxe4 dxe4 23.Nd4 Bc5 24.Qg4 Qg6 25.Qxg6 hxg6 26.Ra5 Bxd4 27.exd4 Bc6 28.
Ra6 Bd5 29.Kg1 Ra8 30.Rfa1 Rxa6 31.Rxa6 Ra8 1/2-1/2

[Event "interzonal (w)"]
[Site "Chisinau MDA"]
[Date "1995.??.??"]
[Round "2"]
[White "Kiseleva, Natalia"]
[Black "Hoang Thanh Trang"]
[Result "1/2-1/2"]
[WhiteElo "2260"]
[BlackElo "2405"]
[EventDate "1995.09.??"]
[PlyCount "172"]

1.d4 f5 2.g3 Nf6 3.Bg2 g6 4.Nf3 Bg7 5.O-O O-O 6.c4 d6 7.Nc3 Qe8 8.Nd5 Nxd5
9.cxd5 Qb5 10.Ng5 h6 11.a4 Qb6 12.Nf3 Nd7 13.Ne1 Nf6 14.Nc2 c6 15.dxc6 
bxc6 16.a5 Qb5 17.Na3 Qxa5 18.Bxc6 Rb8 19.Bd2 Qb6 20.d5 Ne4 21.Be3 Qb3 22.
Qxb3 Rxb3 23.Nc4 a6 24.Rfd1 Rb4 25.Ra4 Rb5 26.Ra2 Rb4 27.Ra4 Rb3 28.h4 g5 
29.hxg5 hxg5 30.Rd3 Rb5 31.Bd4 Bxd4 32.Rxd4 Nc5 33.Ra3 Rb4 34.Rc3 f4 35.
gxf4 gxf4 36.f3 Rf6 37.Kf2 Kf7 38.Rd1 Kg7 39.Rg1+ Rg6 40.Rxg6+ Kxg6 41.e4 
Nd3+ 42.Rxd3 Rxc4 43.Rd2 Kf6 44.Ke2 Ke5 45.Kd3 Rd4+ 46.Kc3 Rxd2 47.Kxd2 
Kd4 48.Ba4 Bh3 49.Bd1 Bf1 50.Be2 Bg2 51.Bd1 Kc4 52.Be2+ Kb3 53.Kc1 a5 54.
Kb1 Bh3 55.Kc1 Bd7 56.Bd1+ Ka2 57.Be2 Kb3 58.Bd1+ Kc4 59.Be2+ Kd4 60.Kd2 
Be8 61.Bf1 Bh5 62.Be2 Bg6 63.Bd3 Bh7 64.Bb1 Bg8 65.Ba2 Bf7 66.Bb3 Be8 67.
Bd1 Kc4 68.Be2+ Kb4 69.Kc2 Ba4+ 70.Kd2 Bb3 71.Bf1 e5 72.dxe6 Bxe6 73.Kc2 
Bb3+ 74.Kd2 Bf7 75.Be2 Kb3 76.Kc1 Bh5 77.Bd1+ Kc4 78.Kd2 Kd4 79.Be2 Bg6 
80.Bd1 Bf7 81.Be2 Bb3 82.Bf1 Ba2 83.Bd3 Bf7 84.Be2 Bh5 85.Bd1 Bg6 86.Bc2 
Bh5 1/2-1/2

[Event "interzonal (w)"]
[Site "Chisinau MDA"]
[Date "1995.??.??"]
[Round "2"]
[White "Thipsay, Bagyashree Sathe"]
[Black "Paasikangas, Johanna"]
[Result "1-0"]
[WhiteElo "2195"]
[BlackElo "2280"]
[EventDate "1995.09.??"]
[PlyCount "103"]

1.e4 c5 2.Nf3 d6 3.d4 cxd4 4.Qxd4 a6 5.c4 Nc6 6.Qd2 Nf6 7.Nc3 g6 8.b3 Bg7 
9.Bb2 O-O 10.Be2 Bd7 11.O-O Rb8 12.Rfe1 Ng4 13.Nd5 Bh6 14.Qc3 f6 15.c5 
dxc5 16.Qxc5 b6 17.Qc4 Kh8 18.Red1 b5 19.Qc5 e6 20.h3 exd5 21.hxg4 dxe4 
22.g5 Bg7 23.Nd4 Qe7 24.Rac1 Qxc5 25.Rxc5 Ne5 26.f4 exf3 27.Nxf3 Nxf3+ 28.
Bxf3 Be8 29.Rc7 h6 30.Re1 hxg5 31.Ree7 Bf7 32.Rxf7 Rxf7 33.Rxf7 Rb6 34.Rc7
Bf8 35.Rc6 Rxc6 36.Bxc6 Bc5+ 37.Kf1 Kg7 38.Ke2 Kf7 39.Bd5+ Ke7 40.Kd3 g4 
41.Bc6 f5 42.a3 b4 43.a4 g5 44.Bb7 f4 45.Ke2 a5 46.Bc8 g3 47.Kf3 Kf7 48.
Be5 Bb6 49.Kg4 Bd8 50.Bf5 Kg8 51.Be4 Kf7 52.Kf5 1-0

[Event "interzonal (w)"]
[Site "Chisinau MDA"]
[Date "1995.??.??"]
[Round "2"]
[White "Tsoganova, Monika"]
[Black "Jezierska, Ivona"]
[Result "1-0"]
[WhiteElo "2295"]
[BlackElo "2085"]
[EventDate "1995.09.??"]
[PlyCount "87"]

1.d4 Nf6 2.c4 g6 3.Nc3 Bg7 4.Nf3 d6 5.g3 O-O 6.Bg2 Nbd7 7.O-O e5 8.e4 c6 
9.h3 Re8 10.Re1 Qc7 11.Be3 Nf8 12.Rc1 exd4 13.Nxd4 Ne6 14.b4 Bf8 15.Qd2 a5
16.b5 Nc5 17.bxc6 bxc6 18.e5 dxe5 19.Nxc6 e4 20.Nd4 Bb7 21.Rb1 Rad8 22.
Ncb5 Qc8 23.Qxa5 Nd3 24.Red1 Qxc4 25.Nc7 Re5 26.Qb6 Nd5 27.Nxd5 Rdxd5 28.
Qxb7 Rxd4 29.Qa8 Qa4 30.Bxe4 Rdxe4 31.Qxa4 Rxa4 32.Rxd3 Re8 33.Rb7 Ra6 34.
Rdd7 Rf6 35.g4 h6 36.a4 Ra8 37.a5 g5 38.Bb6 Rf3 39.Kg2 Rf4 40.Be3 Rf6 41.
Rb6 Bg7 42.Rxf6 Bxf6 43.Bb6 Bc3 44.Rd8+ 1-0

[Event "interzonal (w)"]
[Site "Chisinau MDA"]
[Date "1995.??.??"]
[Round "2"]
[White "Lu Xiaosha"]
[Black "Gaponenko, Inna"]
[Result "1/2-1/2"]
[WhiteElo "2280"]
[BlackElo "2365"]
[EventDate "1995.09.??"]
[PlyCount "77"]

1.e4 c5 2.f4 Nc6 3.Nf3 g6 4.Bb5 Nd4 5.Nxd4 cxd4 6.O-O Bg7 7.d3 Nf6 8.Bc4 
O-O 9.e5 Ne8 10.Nd2 d6 11.Nf3 Bg4 12.Qe1 Bxf3 13.Rxf3 Qc7 14.f5 dxe5 15.
fxg6 hxg6 16.Qh4 Nf6 17.Bh6 Nh5 18.Qg5 e6 19.Re1 Qd8 20.Qxd8 Rfxd8 21.Bxg7
Nxg7 22.g4 Ne8 23.Rxe5 Nd6 24.Bb3 a5 25.a4 b6 26.Rf4 Nb7 27.Ree4 g5 28.Rf3
Rac8 29.Bc4 Rc7 30.Rh3 Kg7 31.Rh5 Kf6 32.Rh6+ Kg7 33.Rh5 Kf6 34.Rh6+ Kg7 
35.Rh5 Kf6 36.Rh6+ Kg7 37.Rh5 Kf6 38.Rh6+ Kg7 39.Rh5 1/2-1/2

[Event "interzonal (w)"]
[Site "Chisinau MDA"]
[Date "1995.??.??"]
[Round "2"]
[White "Zaitseva, Ludmila"]
[Black "Krupkova, Petra"]
[Result "1-0"]
[WhiteElo "2360"]
[BlackElo "2210"]
[EventDate "1995.09.??"]
[PlyCount "87"]

1.d4 Nf6 2.Nf3 g6 3.c4 Bg7 4.Nc3 d5 5.Bg5 dxc4 6.e3 Be6 7.Nd2 c5 8.Bxf6 
Bxf6 9.dxc5 Bxc3 10.bxc3 Qa5 11.Bxc4 Bxc4 12.Nxc4 Qxc3+ 13.Nd2 Nc6 14.Rc1 
Qa5 15.Qc2 O-O-O 16.Qc3 Qxa2 17.Nc4 Qa4 18.Rb1 f6 19.O-O Rd5 20.Nd6+ exd6 
21.Qxf6 Re8 22.cxd6 Nd8 23.Rfc1+ Kb8 24.Qg7 a6 25.Qc7+ Ka8 26.Qb6 Qd7 27.
Rc7 Rxd6 28.Rxd7 Rxd7 29.h3 Re6 30.Qc5 Rc6 31.Qf8 Ka7 32.Rb2 b5 33.e4 Kb6 
34.e5 a5 35.Re2 Re6 36.f4 b4 37.g4 Rc6 38.f5 gxf5 39.gxf5 b3 40.e6 Rd1+ 
41.Kf2 Rc2 42.e7 Rxe2+ 43.Kxe2 b2 44.e8=Q 1-0

[Event "interzonal (w)"]
[Site "Chisinau MDA"]
[Date "1995.??.??"]
[Round "3"]
[White "Arakhamia, Ketevan"]
[Black "Qin Kanying"]
[Result "1-0"]
[WhiteElo "2420"]
[BlackElo "2370"]
[EventDate "1995.09.??"]
[PlyCount "143"]

1.e4 Nf6 2.e5 Nd5 3.d4 d6 4.Nf3 Bg4 5.Be2 e6 6.O-O Be7 7.h3 Bh5 8.c4 Nb6 
9.Nc3 O-O 10.Be3 d5 11.c5 Bxf3 12.gxf3 Nc8 13.f4 Nc6 14.Bf3 Bh4 15.f5 N8e7
16.fxe6 fxe6 17.Bg4 Nf5 18.Qd2 b6 19.cxb6 axb6 20.Ne2 Qd7 21.Nf4 Rf7 22.b4
Bg5 23.Ng2 Be7 24.a3 Na7 25.Rfc1 Raf8 26.Ra2 g6 27.Rac2 Bd8 28.a4 h5 29.
Be2 Kh7 30.a5 Qe7 31.Bd3 Nh4 32.Nxh4 Qxh4 33.Bf1 b5 34.Bg2 c6 35.Rf1 Rf5 
36.f4 Qg3 37.Rf3 Qh4 38.Bf2 Qe7 39.Be3 g5 40.Qd3 Kh8 41.Rf1 gxf4 42.Bd2 
Qg7 43.Qf3 Be7 44.Kh1 Qg6 45.Qd3 Rg8 46.Be1 Qg7 47.h4 Qh6 48.Bh3 Rf7 49.
Qf3 Rfg7 50.Rg2 Rxg2 51.Bxg2 Rf8 52.Bh3 Kg7 53.Bd2 Kh8 54.Bxe6 Bxh4 55.Bh3
Bg5 56.Rg1 Rg8 57.Bf5 Rg7 58.Rf1 Rf7 59.Qh3 Rf8 60.Bxf4 Bxf4 61.Rxf4 Nc8 
62.Rf1 Ne7 63.Bd3 Rxf1+ 64.Qxf1 Qe3 65.a6 Qxd4 66.Qf8+ Ng8 67.Qf3 Kg7 68.
a7 Qa1+ 69.Kg2 Qa2+ 70.Bc2 Ne7 71.Qxh5 Kg8 72.e6 1-0

[Event "interzonal (w)"]
[Site "Chisinau MDA"]
[Date "1995.??.??"]
[Round "3"]
[White "Belakovskaia, Anjelina"]
[Black "Tsoganova, Monika"]
[Result "1/2-1/2"]
[WhiteElo "2345"]
[BlackElo "2295"]
[EventDate "1995.09.??"]
[PlyCount "91"]

1.Nf3 Nf6 2.c4 e6 3.g3 b6 4.Bg2 Bb7 5.Nc3 Bb4 6.O-O O-O 7.a3 Bxc3 8.bxc3 
d6 9.d3 Nbd7 10.Ne1 Bxg2 11.Nxg2 c5 12.e4 Ne8 13.h4 Nc7 14.a4 a6 15.h5 f5 
16.exf5 Rxf5 17.g4 Rf7 18.f4 Qe7 19.Ra2 Raf8 20.Raf2 d5 21.g5 Rd8 22.Qg4 
dxc4 23.dxc4 g6 24.Ne3 Nf8 25.Qh4 Ne8 26.Ng4 Rg7 27.h6 Rf7 28.Ne5 Qb7 29.
Nxf7 Kxf7 30.f5 exf5 31.Rxf5+ gxf5 32.g6+ hxg6 33.Qxd8 Qe4 34.Bg5 Nh7 35.
Qd7+ Kf8 36.Qxh7 Qg4+ 37.Kf2 Qxg5 38.Qh8+ Kf7 39.Qh7+ Kf8 40.Re1 Qd2+ 41.
Kf1 Qf4+ 42.Ke2 Qxc4+ 43.Kd2 Qf4+ 44.Re3 Qf2+ 45.Re2 Qf4+ 46.Re3 1/2-1/2

[Event "interzonal (w)"]
[Site "Chisinau MDA"]
[Date "1995.??.??"]
[Round "3"]
[White "Calzetta Ruiz, Monica"]
[Black "Peng Zhaoqin"]
[Result "0-1"]
[WhiteElo "2130"]
[BlackElo "2355"]
[EventDate "1995.09.??"]
[PlyCount "74"]

1.e4 e6 2.d4 d5 3.Nd2 Nf6 4.e5 Nfd7 5.f4 c5 6.c3 Nc6 7.Ndf3 f5 8.Bd3 cxd4 
9.cxd4 Nb6 10.Ne2 Be7 11.h3 Bd7 12.Nc3 O-O 13.g4 a5 14.gxf5 exf5 15.Rg1 
Nb4 16.Bb1 a4 17.a3 Na6 18.Ba2 Nc7 19.Qe2 Be8 20.Be3 Rc8 21.Qg2 Ne6 22.Rc1
Kh8 23.h4 Nc4 24.Bxc4 Rxc4 25.Kd2 Bh5 26.Ne1 g6 27.Qxd5 Rxd4+ 28.Bxd4 Nxd4
29.Qxd8 Rxd8 30.Ke3 Nc2+ 31.Kf2 Bxh4+ 32.Kg2 Rd2+ 33.Kh3 Nxe1 34.Rgxe1 Bf2
35.e6 Bg4+ 36.Kg2 Bxe1+ 37.Kf1 Bh4 0-1

[Event "interzonal (w)"]
[Site "Chisinau MDA"]
[Date "1995.??.??"]
[Round "3"]
[White "Danielian, Elina"]
[Black "Thipsay, Bagyashree Sathe"]
[Result "1-0"]
[WhiteElo "2320"]
[BlackElo "2195"]
[EventDate "1995.09.??"]
[PlyCount "97"]

1.e4 c6 2.d4 d5 3.Nd2 dxe4 4.Nxe4 Nf6 5.Nxf6+ gxf6 6.Bc4 Bf5 7.c3 e6 8.Ne2
Bd6 9.Bf4 Be4 10.f3 Bd5 11.Bd3 e5 12.Be3 Be6 13.Qc2 h5 14.Ng3 Nd7 15.Nf5 
Bf8 16.O-O Qc7 17.f4 O-O-O 18.Rae1 a6 19.Kh1 exd4 20.Nxd4 Nc5 21.Nxe6 Nxe6
22.Bf5 Kb8 23.Bxe6 fxe6 24.Bd4 Qf7 25.Qb3 Rd5 26.Qb6 Bd6 27.c4 Rf5 28.Rf3 
Kc8 29.Rb3 Rxf4 30.g3 Rg4 31.Qa7 Bb8 32.Qc5 e5 33.Bf2 Rxc4 34.Qb6 Rd8 35.
Kg1 Rd2 36.Be3 Rd5 37.Rf1 Rd7 38.Bg5 f5 39.Rbf3 f4 40.Qa5 Ba7+ 41.Kh1 Be3 
42.Rxe3 Qd5+ 43.Ref3 e4 44.Rxf4 e3+ 45.Kg1 Rxf4 46.Bxf4 Qb3 47.axb3 Rd3 
48.Re1 Rxb3 49.Re2 1-0

[Event "interzonal (w)"]
[Site "Chisinau MDA"]
[Date "1995.??.??"]
[Round "3"]
[White "Gaponenko, Inna"]
[Black "Foisor, Cristina"]
[Result "1/2-1/2"]
[WhiteElo "2365"]
[BlackElo "2345"]
[EventDate "1995.09.??"]
[PlyCount "43"]

1.e4 e6 2.d4 d5 3.Nc3 dxe4 4.Nxe4 Bd7 5.Nf3 Bc6 6.Bd3 Nd7 7.O-O Ngf6 8.
Neg5 Bd6 9.Re1 h6 10.Nh3 Bxf3 11.Qxf3 c6 12.Bf4 Qc7 13.Qg3 Bxf4 14.Nxf4 
O-O-O 15.Rad1 Kb8 16.Ne2 Qxg3 17.Nxg3 Nb6 18.c3 Rd7 19.Nf1 Rhd8 20.Ne3 h5 
21.g3 g6 22.Bf1 1/2-1/2

[Event "interzonal (w)"]
[Site "Chisinau MDA"]
[Date "1995.??.??"]
[Round "3"]
[White "Hoang Thanh Trang"]
[Black "Ratcu, Tatiana"]
[Result "1-0"]
[WhiteElo "2405"]
[BlackElo "2080"]
[EventDate "1995.09.??"]
[PlyCount "115"]

1.d4 Nf6 2.c4 c5 3.d5 e6 4.Nc3 exd5 5.cxd5 d6 6.e4 g6 7.f4 Bg7 8.Bb5+ Nfd7
9.a4 O-O 10.Nf3 Na6 11.O-O Nc7 12.Bd3 Re8 13.Re1 b6 14.Nd2 Nf6 15.h3 a6 
16.Nc4 Rb8 17.Be3 b5 18.Nxd6 Qxd6 19.e5 Qb6 20.exf6 Rxe3 21.Rxe3 c4 22.Qf3
Bxf6 23.a5 Qa7 24.d6 Ne6 25.Nd5 Bd4 26.Be4 Bxe3+ 27.Nxe3 Nd4 28.Qf2 Be6 
29.Rd1 Rd8 30.Nc2 Ne2+ 31.Kf1 Qxf2+ 32.Kxf2 Nxf4 33.Nb4 f5 34.Bb7 Nd3+ 35.
Nxd3 Rxd6 36.Ke3 cxd3 37.Rxd3 f4+ 38.Kd2 Rxd3+ 39.Kxd3 Bc4+ 40.Ke4 b4 41.
Kxf4 Kf7 42.Ke5 Bf1 43.Kd4 Ke6 44.Kc5 b3 45.Kb6 Kd6 46.Bxa6 Bxa6 47.Kxa6 
Kc6 48.h4 h6 49.g4 g5 50.hxg5 hxg5 51.Ka7 Kc7 52.a6 Kc8 53.Kb6 Kb8 54.Kb5 
Ka7 55.Ka5 Ka8 56.Kb4 Ka7 57.Kxb3 Kxa6 58.Kc4 1-0

[Event "interzonal (w)"]
[Site "Chisinau MDA"]
[Date "1995.??.??"]
[Round "3"]
[White "Ioseliani, Nana"]
[Black "Basagic, Vesna"]
[Result "1/2-1/2"]
[WhiteElo "2475"]
[BlackElo "2340"]
[EventDate "1995.09.??"]
[PlyCount "81"]

1.c4 g6 2.Nc3 Bg7 3.g3 d6 4.Bg2 Nf6 5.e4 c5 6.Nge2 Nc6 7.O-O O-O 8.a3 e5 
9.d3 Be6 10.Rb1 a5 11.h3 Qd7 12.Kh2 Ne8 13.Nd5 Bxd5 14.cxd5 Nd4 15.f4 exf4
16.gxf4 Nxe2 17.Qxe2 Nc7 18.Bd2 Rfe8 19.Qf2 Nb5 20.Qg3 Bf6 21.h4 Kh8 22.
Qh3 Qxh3+ 23.Kxh3 Kg7 24.a4 Nd4 25.Bc3 Ra7 26.Rfe1 b6 27.Kg3 h6 28.Bh3 
Rae7 29.Rbc1 Rd8 30.Bg4 g5 31.hxg5 hxg5 32.fxg5 Be5+ 33.Kf2 Rh8 34.Rh1 
Ree8 35.Bf5 Rxh1 36.Rxh1 Nxf5 37.exf5 Bxc3 38.bxc3 Re5 39.f6+ Kg6 40.c4 
Rxg5 41.Rb1 1/2-1/2

[Event "interzonal (w)"]
[Site "Chisinau MDA"]
[Date "1995.??.??"]
[Round "3"]
[White "Kachiani-Gersinska, Ketino"]
[Black "Skripchenko, Almira"]
[Result "1-0"]
[WhiteElo "2360"]
[BlackElo "2400"]
[EventDate "1995.09.??"]
[PlyCount "81"]

1.d4 Nf6 2.c4 e6 3.g3 Bb4+ 4.Bd2 Qe7 5.Nf3 Nc6 6.Bg2 Bxd2+ 7.Nbxd2 d6 8.
O-O a5 9.e4 e5 10.d5 Nb8 11.Ne1 O-O 12.Nd3 Na6 13.b3 Bg4 14.f3 Bd7 15.a3 
c6 16.Re1 Qd8 17.Qe2 cxd5 18.cxd5 a4 19.Qe3 axb3 20.Nxb3 Ba4 21.Nd2 Nd7 
22.Nc4 Ndc5 23.Nxc5 Nxc5 24.Rab1 Qe7 25.Rec1 g6 26.Bh3 Qf6 27.Rc3 b5 28.
Nxd6 Nb3 29.Nxb5 Nd4 30.Nxd4 exd4 31.e5 dxe3 32.exf6 Rfe8 33.Re1 e2 34.Kf2
Bd1 35.d6 Red8 36.d7 h5 37.Rc8 Kh7 38.f4 Kh6 39.a4 g5 40.Rxa8 Rxa8 41.Bg2 
1-0

[Event "interzonal (w)"]
[Site "Chisinau MDA"]
[Date "1995.??.??"]
[Round "3"]
[White "Khorava, Miranda"]
[Black "Stefanova, Antoaneta"]
[Result "1-0"]
[WhiteElo "2270"]
[BlackElo "2415"]
[EventDate "1995.09.??"]
[PlyCount "49"]

1.e4 g6 2.d4 c6 3.Nc3 d5 4.e5 h5 5.h3 Nh6 6.Nf3 Nf5 7.Bd3 e6 8.O-O Be7 9.
Ne2 c5 10.dxc5 Bxc5 11.Bg5 Qb6 12.Qd2 Nd7 13.c3 a6 14.Rad1 Qc7 15.Ned4 b6 
16.Rfe1 Bb7 17.b4 Bf8 18.Bxf5 gxf5 19.Nxf5 Rc8 20.Nd6+ Bxd6 21.exd6 Qxd6 
22.Nd4 Rc4 23.Qd3 Nf8 24.Nf5 Qc6 25.Qxc4 1-0

[Event "interzonal (w)"]
[Site "Chisinau MDA"]
[Date "1995.??.??"]
[Round "3"]
[White "Krupkova, Petra"]
[Black "Khurtsidze, Nino"]
[Result "0-1"]
[WhiteElo "2210"]
[BlackElo "2295"]
[EventDate "1995.09.??"]
[PlyCount "128"]

1.d4 Nf6 2.c4 e6 3.g3 d5 4.Bg2 dxc4 5.Nf3 Nc6 6.O-O Rb8 7.a4 a6 8.Nc3 Bb4 
9.Bg5 O-O 10.e4 h6 11.Bxf6 Qxf6 12.e5 Qe7 13.Qc2 Rd8 14.Ne2 b5 15.Rfd1 Na5
16.axb5 axb5 17.Nh4 Nb3 18.Ra7 Ba5 19.d5 exd5 20.Bxd5 Be6 21.Bg2 Bb6 22.
Rxd8+ Qxd8 23.Ra2 Nd4 24.Nxd4 Qxd4 25.Nf3 Qd3 26.Qxd3 cxd3 27.Ra3 Rd8 28.
Nd2 Bd4 29.Be4 Bxb2 30.Rxd3 Rxd3 31.Bxd3 Bd7 32.f4 c5 33.Kf2 c4 34.Bc2 
Bd4+ 35.Kf3 Bc6+ 36.Ke2 Kf8 37.Nf3 Bc5 38.Nd2 Ke7 39.Ne4 Ba3 40.Ke3 Bb2 
41.Nd6 g6 42.Be4 Bd7 43.Bd5 f6 44.Nxc4 bxc4 45.exf6+ Bxf6 46.Bxc4 Bf5 47.
Bd5 Kd6 48.Bb7 Bd8 49.Kf3 Be6 50.Be4 Bd5 51.g4 Bxe4+ 52.Kxe4 Bf6 53.h3 Bd8
54.Kd4 Bh4 55.Ke4 Bf6 56.Ke3 Kd5 57.Kd3 Bd4 58.h4 Bf2 59.h5 g5 60.Ke2 Bg3 
61.fxg5 hxg5 62.Kd3 Bf4 63.h6 Be5 64.Ke3 Bf6 0-1

[Event "interzonal (w)"]
[Site "Chisinau MDA"]
[Date "1995.??.??"]
[Round "3"]
[White "Lematschko, Tatjana"]
[Black "Maric, Alisa"]
[Result "0-1"]
[WhiteElo "2310"]
[BlackElo "2445"]
[EventDate "1995.09.??"]
[PlyCount "28"]

1.e4 e5 2.Nf3 Nc6 3.Bb5 Nge7 4.c3 g6 5.d4 exd4 6.cxd4 d5 7.e5 a6 8.Be2 Bg7
9.h4 Bg4 10.Ng1 Bxe2 11.Nxe2 f6 12.Bh6 Bxh6 13.h5 Qd7 14.hxg6 hxg6 0-1

[Event "interzonal (w)"]
[Site "Chisinau MDA"]
[Date "1995.??.??"]
[Round "3"]
[White "Lomineishvili, Maia"]
[Black "Radu, Elena-Luminita"]
[Result "1-0"]
[WhiteElo "2295"]
[BlackElo "2330"]
[EventDate "1995.09.??"]
[PlyCount "95"]

1.d4 d5 2.c4 e6 3.Nf3 c6 4.Qc2 Nf6 5.Bf4 Nbd7 6.e3 Ne4 7.Bd3 Qa5+ 8.Nc3 
Nxc3 9.bxc3 dxc4 10.Bxc4 Nb6 11.Bc7 Qa3 12.Bb3 Nd5 13.Be5 f6 14.Bg3 Nxc3 
15.O-O Nd5 16.e4 Nb6 17.Ne1 a5 18.Qe2 a4 19.Bc2 Qe7 20.f4 Nd7 21.Nd3 b5 
22.Rae1 Nb6 23.Qf3 Qd7 24.Bf2 Nc4 25.Re2 Be7 26.Qh5+ g6 27.Qh6 Bb7 28.f5 
O-O-O 29.fxe6 Qxe6 30.Nf4 Qd7 31.Nd3 Kb8 32.Qc1 Ba3 33.Qb1 Be7 34.Rc1 Qg4 
35.Bd1 Qd7 36.Rc3 Rhe8 37.Bxa4 Na3 38.Qb2 bxa4 39.Rxa3 Bxa3 40.Qxa3 Ba6 
41.Nc5 Qa7 42.Rb2+ Bb5 43.d5 Kc8 44.Ne6 Qe7 45.Qc3 Qb7 46.Nxd8 Kxd8 47.
dxc6 Qxc6 48.Qa5+ 1-0

[Event "interzonal (w)"]
[Site "Chisinau MDA"]
[Date "1995.??.??"]
[Round "3"]
[White "Matveeva, Svetlana"]
[Black "Lin Ye"]
[Result "1-0"]
[WhiteElo "2440"]
[BlackElo "2205"]
[EventDate "1995.09.??"]
[PlyCount "63"]

1.d4 Nf6 2.c4 e6 3.Nc3 Bb4 4.Bg5 d5 5.cxd5 exd5 6.e3 O-O 7.Bd3 Nbd7 8.Ne2 
c6 9.Qc2 Re8 10.Bxh7+ Kh8 11.Bd3 Bd6 12.O-O-O b5 13.Ng3 Bf8 14.Kb1 Qb6 15.
h4 Ba6 16.h5 b4 17.Na4 Bxd3 18.Rxd3 Qb5 19.Bxf6 Nxf6 20.Rdd1 Rac8 21.Rc1 
Nd7 22.Nc5 Nxc5 23.dxc5 a5 24.Nf5 a4 25.Nd4 Qa6 26.Qe2 Qa7 27.Qf3 Bxc5 28.
h6 Bxd4 29.hxg7+ Kg8 30.Rh8+ Kxg7 31.Qg3+ Kf6 32.Rh6+ 1-0

[Event "interzonal (w)"]
[Site "Chisinau MDA"]
[Date "1995.??.??"]
[Round "3"]
[White "Nikolin, Zorica"]
[Black "Bojkovic, Natasa"]
[Result "0-1"]
[WhiteElo "2235"]
[BlackElo "2425"]
[EventDate "1995.09.??"]
[PlyCount "65"]

1.e4 c5 2.Nf3 e6 3.d4 cxd4 4.Nxd4 Nc6 5.Nb5 d6 6.c4 Nf6 7.N1c3 a6 8.Na3 b6
9.Be3 Nb8 10.Be2 Nbd7 11.O-O Bb7 12.f3 Be7 13.Rc1 O-O 14.Qd2 Qc7 15.Nab1 
Rac8 16.Rfd1 Qb8 17.Bf1 Bd8 18.Kh1 Bc7 19.Rc2 Rfe8 20.Bg1 Kh8 21.b4 Rg8 
22.Qf2 g5 23.Nd2 Rg6 24.Nb3 Rh6 25.h3 Ne5 26.Nd4 Rg8 27.Qe1 g4 28.f4 gxh3 
29.gxh3 Rhg6 30.Bh2 Qa8 31.fxe5 Nxe4 32.Nd5 exd5 33.exd6 0-1

[Event "interzonal (w)"]
[Site "Chisinau MDA"]
[Date "1995.??.??"]
[Round "3"]
[White "Sakhatova, Elvira"]
[Black "Kiseleva, Natalia"]
[Result "0-1"]
[WhiteElo "2340"]
[BlackElo "2260"]
[EventDate "1995.09.??"]
[PlyCount "88"]

1.e4 e6 2.d4 d5 3.Nc3 dxe4 4.Nxe4 Bd7 5.Nf3 Bc6 6.Bd3 Nd7 7.Qe2 Ngf6 8.
Neg5 Bxf3 9.Qxf3 c6 10.O-O Bd6 11.Qh3 Qc7 12.Re1 Nf8 13.c4 Qd7 14.Bd2 
O-O-O 15.d5 cxd5 16.c5 Bc7 17.c6 bxc6 18.Ba6+ Kb8 19.Qb3+ Bb6 20.a4 Ka8 
21.a5 Bd4 22.Qa4 e5 23.Nxf7 Ne6 24.Nxd8 Rxd8 25.Rac1 Nc5 26.Rxc5 Bxc5 27.
b4 Bd4 28.Rc1 Ne4 29.Be3 Nc3 30.Qb3 Bxe3 31.Rxc3 Bd4 32.Rc2 Rb8 33.Qa4 Qd6
34.b5 c5 35.Ra2 c4 36.b6 Rf8 37.Qb5 axb6 38.axb6 Kb8 39.Bb7 Qxb6 40.Qxb6 
Bxb6 41.Bxd5 c3 42.Be4 Rf4 43.Bb1 Rd4 44.Bc2 Rd2 0-1